| 000 | 00412nam a22001457a 4500 | ||
|---|---|---|---|
| 003 | MACL | ||
| 005 | 20181214165241.0 | ||
| 008 | 181214b xxu||||| |||| 00| 0 eng d | ||
| 040 | _cMACL | ||
| 100 |
_aजोशी , हरि _958551 |
||
| 245 | _aघुसपैठिये | ||
| 260 |
_aदिल्ली _bराजपाल _c2015 |
||
| 650 |
_aव्यंग्य _973402 |
||
| 942 |
_2ddc _cHIN |
||
| 999 |
_c58715 _d58715 |
||